عرض عادي
عرض مارك
- Papanicolaou, Andrew C.
مدخل إسم شخص
001 - رقم الضبط
- حقل الضبط: 13804
003 - معرف رقم الضبط
- حقل الضبط: OSt
005 - تاريخ ووقت أخر عملية
- حقل الضبط: 20120513013731.0
008 - عناصر بيانات ثابتة الطول
- حقل تحكم ثابت الطول: 120513|||a|||||| | ||| d
040 ## - مصدر الفهرسة
- هيئة الفهرسة الأصلية: OSt
- وكالة الكتابة: OSt
100 ## - مدخل -- أسم شخص
- إسم شخص: Papanicolaou, Andrew C.
670 ## - بيانات المصدر موجوده
- الاستشهاد بالمصدر: Work cat.: (OSt)23684: Papanicolaou, Andrew C., Clinical magnetoencephalography and magnetic source imaging /, 2009.
